000 00324nam a2200121Ia 4500
008 220204s9999 xx 000 0 und d
082 _a632.951
_bNAR
245 0 _aNeurotoxicology of insecticides and pheromones
260 _aNew York
_bPlenum
_c1979
650 _aNeurotoxicology
700 _aNARAHASHI, Toshio
942 _cBK
999 _c33373
_d33373